/ مسلم پر سنل لا کے تحففظ کن مسلہ (Record no. 109575)

MARC details
000 -LEADER
fixed length control field 00868nam a22002537a 4500
005 - DATE AND TIME OF LATEST TRANSACTION
control field 20170123162355.0
010 ## - LIBRARY OF CONGRESS CONTROL NUMBER
LC control number 670286
020 ## - INTERNATIONAL STANDARD BOOK NUMBER
Terms of availability 4.00
035 ## - SYSTEM CONTROL NUMBER
System control number 670286
037 ## - SOURCE OF ACQUISITION
Source of stock number/acquisition Cen Lib/Ret
040 ## - CATALOGING SOURCE
Original cataloging agency DPL
Language of cataloging UR
082 ## - DEWEY DECIMAL CLASSIFICATION NUMBER
Classification number 347.6
Item number ط ا ہ
100 ## - MAIN ENTRY--PERSONAL NAME
Personal name طاہر ممحود
9 (RLIN) 141262
245 ## - TITLE STATEMENT
Title / مسلم پر سنل لا کے تحففظ کن مسلہ
Statement of responsibility, etc طاہر ممحود
246 ## - VARYING FORM OF TITLE
Title proper/short title Muslim personal law ke teheffuz ka mas-ala /
Remainder of title by Tahir Mehmood
260 ## - PUBLICATION, DISTRIBUTION, ETC. (IMPRINT)
Place of publication, distribution, etc نئی دہلی
Name of publisher, distributor, etc مکتبہ جامعہ لمیٹڈ
Date of publication, distribution, etc 1972
270 ## - ADDRESS
Address مکتبہ جامعہ لمیٹڈ، جامعہ نگر
City نئی دہلی
Postal code 110025
300 ## - PHYSICAL DESCRIPTION
Extent 108p.
Dimensions 21cm(Hb)
650 ## - SUBJECT ADDED ENTRY--TOPICAL TERM
Topical term or geographic name as entry element لا
9 (RLIN) 141263
650 ## - SUBJECT ADDED ENTRY--TOPICAL TERM
Topical term or geographic name as entry element مسلم پر سنل لا
9 (RLIN) 141264
650 ## - SUBJECT ADDED ENTRY--TOPICAL TERM
Topical term or geographic name as entry element Law
9 (RLIN) 104
650 ## - SUBJECT ADDED ENTRY--TOPICAL TERM
Topical term or geographic name as entry element Muslim Personal Law
9 (RLIN) 141265
942 ## - ADDED ENTRY ELEMENTS (KOHA)
Source of classification or shelving scheme Dewey Decimal Classification
Koha item type Urdu Bks
Classification part 347.6
Call number suffix ط ا ہ
Holdings
Withdrawn status Lost status Damaged status Not for loan Home library Current library Date acquired Source of acquisition Cost, normal purchase price Total Checkouts Full call number Barcode Date last seen Copy number Cost, replacement price Price effective from Koha item type
        Central Library Central Library 19/03/2016 Cen Lib/Ref 4.00   347.6 ط ا ہ 670286 19/03/2016 1 4.00 19/03/2016 Urdu Bks

© Delhi Public Library
Hit Counter
free hit counter